00636nam a2200205Ia 4500003000900000008004100009040001600050080001600066100002500082245008800107260003800195300000900233650001300242650002200255650001500277650002700292942000700319999001300326952009100339IN-BaIIA211028s9999 xx 000 0 eng d cIIA Library a523.34bVER aVery, Frank W.91348 0aOn the distribution of the moon's heat and its varion with the phasecFrank W. Very aThe HaguebMartinus Nijhoffc1891 a45p. aArchives aLunar Theory9694 aMoon91324 aPlanetary Systems9965 cBK c616d616 00104070aBANbKODcGENd0000-00-00l0o523.34/ VERp637r2021-11-05w0000-00-00yBK